Konami's NES Games by Screen Shot - Statistics

General Stats
  • This quiz has been taken 22 times
  • The average score is 11 of 16
Answer Stats
Picture Answer % Correct
Contra
100%
Teenage Mutant Ninja Turtles
95%
CastleVania
90%
Metal Gear
86%
Q*Bert
86%
Blades of Steel
81%
Top Gun
81%
Track & Field 2
76%
Double Dribble
71%
Adventures of Bayou Billy
62%
Life Force
62%
Jackal
57%
Skate or Die
57%
Tiny Toons Adventures
52%
The Goonies 2
48%
RollerGames
19%
No matching quizzes found
Score Distribution
Percent of People with Each Score
Percentile by Number Answered
Your Score History
You have not taken this quiz